| 000 | 00452cam a2200181ua 4500 | ||
|---|---|---|---|
| 020 | _cRs 4.50 | ||
| 041 |
_ahin _h |
||
| 082 |
_a891.54 _bPAN/AP |
||
| 100 | _aPandey Bachan Sharma, Ugra . | ||
| 245 |
_aApni khabar / _cPanday Bechan Sharma Ugra. _hTextual Documents |
||
| 250 |
_a1 / _b. |
||
| 260 |
_aDelhi : _bRajikamal Prakash , _c1960. |
||
| 300 | _a138 ; . | ||
| 365 | _aRs 4.50 | ||
| 504 | _a | ||
| 942 | _cBK | ||
| 999 |
_c3435 _d3435 |
||